000 00577nam a2200193 a 4500
001 000044131
005 20201002045151.0
008 140516s1986 mx 000 0 spa d
020 _a9682902096
082 _aXXX
_bxxxx
100 1 _aGonzález de Alba, Luis.
_972135
245 1 4 _aLos días y los años /
_cLuis González de Alba.
260 _aMéxico :
_bEdiciones Era :,
_c1986.
300 _a207 p. ;
_c21 cm.
490 1 _aLecturas mexicanas
_v41
710 2 _aSecretaría de Educación Pública
_972136
830 0 _aLecturas mexicanas
_v41
_919857
999 _c43620
_d43620
040 _aDO-SdBNP